Guess the Harry Styles song with no hints #3 - Statistics

General Stats
  • This quiz has been taken 129 times
  • The average score is 193 of 236
Answer Stats
Answer % Correct
I
99%
the
96%
you
96%
You
96%
me
94%
to
94%
Go
93%
in
93%
In
93%
it
93%
on,
93%
on
93%
on?
93%
we
93%
When
93%
who
93%
it's
92%
no
92%
He
90%
your
90%
Your
90%
And
89%
not
89%
don't
86%
know
86%
want
86%
you're
86%
as
85%
As
85%
good
85%
was
85%
was,
85%
are
83%
be
83%
wanna
83%
Come
82%
her
82%
just
82%
that?
82%
that
82%
get
81%
Harry,
81%
say
81%
this
81%
Why
81%
of
80%
us
80%
goodnight
79%
leave
79%
Leave
79%
same
79%
way
79%
What
79%
home
76%
home,
76%
two
76%
world,
76%
about
75%
alone
75%
talk
75%
follow
74%
America,
73%
at
73%
I'm
73%
kids
73%
internet
70%
oh-oh-oh
70%
one
70%
ahead,
69%
by
69%
hold
69%
phone
69%
Nothin'
68%
Answer
67%
kind
65%
pills
65%
well,
65%
floor?
64%
hand
64%
light-speed
64%
wants
64%
everything
63%
gets
63%
palm
63%
back
61%
daddy
61%
doin'
61%
sitting
61%
bell
60%
lives
60%
coming
58%
Holdin'
58%
holdin'
58%
Ringin'
58%
help
57%
himself
57%
first
56%
who's
56%
nobody's
55%
out
54%
will
54%
stay,
52%
Gravity's
51%
cannot
45%
Seems
45%
replaced
44%
(Hey)
31%
No matching quizzes found
Score Distribution
Percent of People with Each Score
Percentile by Number Answered
Your Score History
You have not taken this quiz